000 00444pab a2200145 454500
008 180718b2006 xxu||||| |||| 00| 0 eng d
100 _aKelman, Steven
245 _aDownsizing, competition, and organizational change in government: is necessity the mother of invention?
260 _c2006
300 _ap.875-95.
362 _aFall
650 _aOrganizational change
773 _aJournal of Policy Analysis and Management
909 _a71834
999 _c71834
_d71834